000 01627cam a2200349 4500
001 21201
003 BD-RjUL
005 20211209000647.0
008 140303r19661926stkh 000 1 eng d
035 _a(BD-RjUL) 21265
040 _aDLC
_cDLC
_dDLC
_dBD-RjUL
_beng
041 _aeng
082 0 0 _a821.3
_bWIL 1966
245 1 0 _aWillobie his Avisa, 1594 :
_bWith an essay on Willobie his Avisa /
_cby G. B. Harrison.
260 _aEdinburgh :
_bEdinburgh U.P.,
_c1966.
300 _a271 p. :
_bfacsim. ;
_c19 cm.
350 _aunpriced
500 _aIncludes facsim of the original t.p.
500 _aReprint of the ed. first published in 1926.
500 _aOstensibly edited by Hadrian Dorrell from the papers of his friend Henry Willoughby; thought to be the work of Dorrell himself, though the name is probably fictitious. Has been ascribed to the Earl of Southampton, Matthew Roydon, and others. The present editor locates the poem at Cerne Abbas, and ascribes it to a friend of Raleigh.
500 _aContains an early allusion to Shakespeare, and is supposed to refer to him under the initials W. S.
600 1 0 _aRaleigh, Walter,
_cSir,
_d1552?-1618.
_965540
600 1 0 _aShakespeare, William,
_d1564-1616
_xAllusions.
_965541
651 0 _aCerne Abbas (England)
_965526
700 1 _aWilloughby, Henry,
_d1574?-1596?
_esupposed author.
_965527
700 1 _aDorrell, Hadrian?
_esupposed author.
_965528
700 1 _aHarrison, G. B.
_q(George Bagshawe),
_d1894-1991.
_954116
942 _2ddc
_cBK
999 _c21201
_d21201